[Event "Bundesliga 0304"]
[Site "Germany"]
[Date "2003.12.12"]
[Round "7.1"]
[White "Aronian, Levon"]
[Black "Nikolic, Predrag"]
[Result "1/2-1/2"]
[WhiteElo "2649"]
[BlackElo "2647"]
[Annotator "Roiz,M"]
[PlyCount "48"]
[EventDate "2003.11.01"]
[EventType "team-tourn"]
[EventRounds "15"]
[EventCountry "GER"]
[SourceTitle "CBM 099"]
[Source "ChessBase"]
[SourceDate "2004.03.30"]
[SourceVersion "1"]
[SourceVersionDate "2004.03.30"]
[SourceQuality "1"]
[WhiteTeam "Wattenscheid"]
[BlackTeam "Solingen"]
[WhiteTeamCountry "GER"]
[BlackTeamCountry "GER"]

1. d4 f5 2. Bg5 g6 3. Nd2 Bg7 4. e4 fxe4 5. Nxe4 d5 6. Ng3 $5 {[%csl Rf5][%cal
Yg3f5] That looks slighty passive, but actually that is the most comfortable
spot for the knight - there it controls the important central squares e4 and
f5. Another important fact is that black cannot transfer his Ng8 to the
comfortable spot on f7.} (6. Nc5 b6 7. Nb3 Nh6 $1 {[%cal Gh6f7]} (7... Nf6 8.
Nf3 O-O 9. Be2 Ne4 10. Be3 Nc6 11. O-O Qd6 12. c4 Ba6 13. Rc1 Bxc4 14. Bxc4
dxc4 15. Rxc4 b5 16. Rc1 Nb4 $11 {1/2-1/2 Hodgson,J-Onischuk,A/France 1999/EXT
2000 (53)}) 8. Nf3 O-O 9. Qd2 Nf7 10. Bf4 c5 11. c3 c4 12. Nc1 Nc6 13. Be2 Bf5
14. O-O Qd7 15. Bd1 e5 $15 {1/2-1/2 Lerner,K-Malaniuk,V/Koszalin 1999/CBM 73 
(73)}) 6... c5 $1 {That is the best reaction on white's last move - black
shows that Ng3 is far away from centre.} (6... Nc6 7. Nf3 (7. Bb5 $14) 7... Bg4
8. Bb5 Qd6 9. O-O h6 10. Be3 Nf6 11. Qd3 Nd7 12. Nh4 $36 {.../60/. 1-0 Piesina,
G-Gazik,I/Szekszard 1989/TD (25)}) (6... Nh6 $2 {(that's the point of Ng3!)} 7.
Nh5 $1 gxh5 8. Bxh6 Bg4 9. Qd2 $16) 7. Nf3 (7. dxc5 Bxb2 8. Rb1 Bg7 (8... Bc3+
9. Bd2 Qa5) 9. Bb5+ Nc6 10. Nf3 Qa5+ 11. Bd2 Qc7 12. O-O a6 13. Ba4 Nf6 14. Bc3
e6 15. Be5 $36 {1-0 Bakic,R-Grunberg,S/Timisoara 1994/EXT 97 (36)}) 7... Nc6 (
7... cxd4 8. Nxd4 Nc6 9. Bb5 Bd7 (9... Qb6 10. Be3 Qc7 11. O-O Nf6 12. c4 O-O
13. cxd5 Nxd5 14. Bc4 Rd8 15. Nb5 $36) (9... Qc7 10. O-O Nf6 11. c4 $36) 10.
Bxc6 bxc6 11. O-O Nf6 12. Re1 O-O 13. Qd2 $14) ({interesting is} 7... Qb6 $5 8.
c4 $1 ({after} 8. dxc5 $6 Qxb2 9. Rb1 Qc3+ 10. Bd2 Qxc5 11. Bd3 Nc6 12. O-O Nf6
{white has no sufficient compensation for the pawn.}) 8... dxc4 (8... cxd4 9.
cxd5 Qa5+ (9... Qxb2 10. Rb1 $1 (10. Rc1 Bg4 11. Ne5 Bxe5 12. Qxg4 Nd7 $13)
10... Qxa2 11. Bb5+ Nd7 12. O-O $40) 10. Qd2 Qxd5 11. Rc1 $36) 9. Rc1 $1 cxd4
10. Bxc4 Nc6 11. O-O $44) 8. dxc5 Bxb2 9. Rb1 Bc3+ (9... Qa5+ 10. Bd2 Qxa2 11.
c3 (11. Bd3 $2 Bg7 12. O-O Nf6 $17) (11. c4 $2 dxc4 12. Qc2 c3 $17) 11... d4
12. cxd4 Nxd4 13. Bd3 $44) 10. Bd2 Qa5 11. Bb5 $1 {It is very important to
occupy the square central spot on e5. That move seems to be the most logical.}
(11. Be2 Nf6 12. O-O Bxd2 13. Qxd2 Qxd2 14. Nxd2 e5 15. f4 O-O 16. fxe5 Nxe5
$11 {1-0 Atalik,S-Mozes,E/Herculane 1996/CBM 56/[Atalik] (53)}) 11... Nf6 $146
{The most natural continuation - black wants to castle as soon as possible. On
the other hand, now white gets an opportunity of blockade.} (11... Bg4 $5 12.
Bxc3 Qxc3+ 13. Qd2 Qxd2+ (13... Qxc5 14. Be2 (14. Ne5 Nf6) 14... Rb8 15. Rb5
Qa3 $13) 14. Nxd2 O-O-O 15. O-O Nd4 16. Bd3 Nf6 17. Rfe1 Rhe8 $13 {1-0
Yewdokimov,O-Kristensen,B/Gistrup 1990/EXT 97 (40)}) 12. O-O Bxd2 (12... O-O
13. Bxc6 bxc6 14. Bxc3 Qxc3 15. Qd4 Qxd4 16. Nxd4 Bd7 17. Rfe1 $14) 13. Nxd2 $6
{The queen on a5 is quite unpleasant for white and he should change it.} (13.
Qxd2 $142 Qxd2 (13... Qc7 14. Rfe1 O-O 15. Bxc6 bxc6 16. Qe3 $14) 14. Nxd2 Bd7
(14... O-O 15. Bxc6 bxc6 16. Rfe1 Re8 17. Nf3 Nd7 18. Nd4 Nxc5 19. Nxc6 Bb7 20.
Ne5 $14) 15. Rfe1 $14) 13... O-O {[%csl Ga5,Rc5][%cal Ga7a6] Black has
successfully completed development and white must play very energetically -
otherwise his position may be very hard due to the weaknesses of his pawn
structure.} 14. c4 $1 (14. Re1 Nd4 $1 15. a4 (15. Nb3 Nxb3 16. Rxb3 a6 {
[%csl Rc5]}) 15... a6 16. Nc4 Qc3 17. Re3 (17. Nb6 axb5 18. Nxa8 Bg4) 17...
Nxb5 $1 (17... Qxc2 $2 18. Nb6 axb5 (18... Rb8 19. Qxd4 Qxb1+ 20. Bf1 $44) 19.
Nxa8 bxa4 20. Nb6 a3 (20... Bg4 21. Qxc2 Nxc2 22. Rc3 Nd4 23. Ra3 $16) 21. Rxa3
Qxc5 22. Qc1 $16) 18. Ne5 Qxc5 19. axb5 axb5 $17) 14... a6 ({white must be
very careful after the correct:} 14... Nd4 $142 $1 15. Re1 $1 (15. Nb3 Nxb3 16.
axb3 (16. Qxb3 a6 17. Ba4 Qxc5 $17) 16... a6 17. Ra1 Qc7 (17... Qb4 18. Qd4 {
[%csl Rb4]}) 18. cxd5 Qxc5 $15 {[%csl Rd5]}) 15... a6 16. Ba4 (16. Ndf1 $2 Nf5
$1 $17) 16... Qxc5 (16... Bg4 $5 17. f3 Bc8 $13 (17... Bf5 $6 18. Rxb7 Qxc5 19.
Kh1 $36)) 17. cxd5 {[%cal Gd2e4]} Bg4 (17... Kh8 18. Nb3 Nxb3 19. Bxb3 $11) 18.
Nde4 Bxd1 (18... Nxe4 19. Nxe4 Bxd1 20. Nxc5 Bxa4 21. Nxa4 b5 22. Nc5 $11) 19.
Nxc5 Bxa4 20. Nxa4 b5 {[%csl Rd5]} 21. Red1 (21. Rbd1 Nc2 22. Re2 Nb4 $15)
21... Nf5 22. Nc5 Rfd8 $15) 15. Bxc6 (15. Nb3 Qc7 16. Bxc6 bxc6 17. cxd5 Nxd5
18. Qd2 $11) 15... bxc6 16. cxd5 cxd5 (16... Nxd5 $6 17. Qc2 Qc3 18. Qxc3 Nxc3
19. Rb6 $14) 17. Qc2 (17. Nb3 Qxa2 $1 (17... Qc7 $6 18. f4 $14) 18. Re1 Ra7 $15
) 17... Bd7 $1 {Preventing c5-c6.} ({after} 17... e5 $6 18. c6 Ra7 19. Nf3 {
black has some problems with development of Bc8.}) 18. Rfe1 Rfe8 (18... Ba4 $6
19. Nb3 Qc7 20. Qc3 $14) 19. Nf3 (19. Re5 Ba4 20. Nb3 Rac8 21. Qe2 (21. Rc1
Bxb3 22. axb3 Rc6 $11) 21... Bxb3 22. axb3 Rxc5 23. Rxe7 Rxe7 24. Qxe7 Qb6 $11)
19... Rac8 20. Rbc1 Ba4 (20... Rc7 $5 21. Ne5 $140 $6 Rec8 22. Nxd7 Nxd7 23.
Qd1 Rxc5 24. Rxc5 Qxc5 25. Qg4 Qd6 26. Nf5 Qe5 $1 $17) 21. Qe2 Rxc5 22. Rxc5
Qxc5 23. Qxa6 {[%cal Ga6e6]} Bd7 24. h3 (24. Ne5 Qc3 $1 {[%csl Gc3,Re1]} 25.
Re3 Qc1+ 26. Qf1 Qxf1+ 27. Nxf1 $11) 24... Rb8 ({after} 24... Rb8 25. Qe2 Qc3
$1 {(it's important to activate the queen)} 26. Qe5 Qxe5 27. Nxe5 Kf8 28. f3
Ra8 (28... Rb2 29. Re2 $11) 29. Re2 {black has a symbolic advantage, but the
draw is unavoidable.}) 1/2-1/2

[Event "Abu Dhabi op 13th"]
[Site "Abu Dhabi"]
[Date "2003.08.17"]
[Round "2"]
[White "Mchedlishvili, Mikheil"]
[Black "Amin, Bassem"]
[Result "1-0"]
[WhiteElo "2566"]
[BlackElo "2342"]
[Annotator "Roiz,M"]
[PlyCount "65"]
[EventDate "2003.08.16"]
[EventType "swiss"]
[EventRounds "9"]
[EventCountry "UAE"]
[SourceTitle "CBM 097"]
[Source "ChessBase"]
[SourceDate "2003.11.11"]
[SourceVersion "1"]
[SourceVersionDate "2003.11.11"]
[SourceQuality "1"]

1. d4 f5 2. Nc3 d5 3. Bg5 g6 {This move leads to the very original type of
positions.} (3... c6) (3... Nf6) 4. e3 Nh6 $5 {[%cal Gh6f7] That is typical in
such positions because black has to fight for ''e5'' and ''g5'' squares.} (4...
Bg7 5. h4 Be6 (5... h6 6. Bf4 c6 7. Qf3 Be6 8. Bd3 Nf6 9. h5 Nxh5 10. Rxh5 gxh5
11. Bxf5 Bxf5 12. Qxh5+ Kd7 13. Qxf5+ e6 14. Qh3 $44 {Rivas Pastor,M-Tisdall,J/
EU-chT (Men) 1989}) 6. Nf3 (6. Nh3 $5 h6 7. Bf4 c6 8. Bd3 Nf6 9. f3 Nbd7 10. g4
$36 {0-1 Sorin,A-Ginzburg,M/ARG-ch sf Buenos Aires 1997}) 6... c6 7. Bf4 Nf6 8.
h5 Nbd7 (8... Nxh5 $2 9. Rxh5 gxh5 10. Ng5 Bg8 11. Qxh5+ Kf8 12. Bd3 e6 13. g4
$40 {1-0 Khalifman,A-Lerner,K/URS-FL Kujbyshev 1986}) 9. h6 Bf8 10. Qd2 Bf7 11.
Ne5 e6 12. f3 Be7 $11 {1-0 Khalifman,A-Legky,N/URS Army-ch Tashkent 1987}) 5.
Nf3 (5. Bf4 $5 {[%csl Re5][%cal Gc3b5,Gf4e5]} Nf7 6. Nb5 e5 $6 (6... Na6 $142
7. c4 c6 8. Nc3 $14 {[%csl Ra6]}) 7. dxe5 c6 8. Nd4 Qe7 9. Ngf3 Bg7 10. c4 dxc4
11. Bxc4 Qb4+ 12. Nd2 Nxe5 13. Bxe5 Bxe5 14. O-O $16 {1-0 Kacheishvili,
G-Siebrecht,S/Cappelle la Grande op 2001}) 5... Nf7 (5... c6 6. h4 Nf7 7. Bf4
Bg7 8. Ng5 Nxg5 9. hxg5 Nd7 10. Qd2 e5 11. dxe5 Nxe5 12. O-O-O Qe7 $11) 6. Bh4
$1 $146 {[%cal Gc3e2,Ge2f4][%mdl 8] That is hard to say there is better place
for a bishop,but here it will put pressure on e7.On the other hand,white
should try to push c2-c4,so it will be good to put the knight on f4.} (6. Bf4
c6 7. Bd3 (7. Ne5 Bg7 8. Nxf7 Kxf7 9. Qf3 Nd7 10. h4 e5 11. dxe5 Nxe5 12. Qg3
Ng4 13. Be2 Re8 14. O-O-O h5 $11 {1/2-1/2 Mchedlishvili,M-Minasian,A/EU-ch 3rd
Batumi 2002}) 7... Bg7 8. Ne2 Nd7 9. c3 e5 10. dxe5 Ndxe5 11. Nxe5 Nxe5 12. h4
O-O $11 {1-0 Kuzmin,A-Glek,I/Biel op 1993}) 6... c6 (6... Bg7 7. Bd3 O-O 8. Ne2
{[%cal Gc2c4]} Qd6 9. Bg3 e5 (9... Qb4+ 10. c3 Qxb2 11. Bxc7 Na6 12. Bg3 $14)
10. Nxe5 Nxe5 11. dxe5 Bxe5 12. Bxe5 Qxe5 13. c3 $14) 7. Bd3 Bg7 8. Ne2 Qb6 (
8... Qa5+ 9. c3 e5 (9... Nd7 10. Nf4 {[%cal Gf4e6]} Nf6 (10... e5 11. Ne6 Bh6
12. a4 $1 $16 {[%csl Ra5][%cal Gb2b4]}) 11. O-O $14 {[%cal Gc3c4]}) 10. dxe5
Nxe5 11. Nxe5 Bxe5 12. O-O O-O 13. c4 $1 Bxb2 14. Rb1 Bg7 15. cxd5 Qxd5 (15...
cxd5 16. Nf4 Nc6 17. Qb3 $36) 16. Nf4 $44 Qxa2 $140 17. Bc2 Kh8 18. Bb3 Qa3 19.
Qf3 $40 {[%cal Gf3h3]}) 9. O-O $5 {That natural move can be made immediately,
but actually there is a close type of position,so it's very hard to break
black's position.} ({possible was also:} 9. Rb1 e5 10. dxe5 Nxe5 11. Nxe5 Bxe5
12. O-O O-O 13. Bg3 Bg7 14. c4 Rd8 15. cxd5 cxd5 16. Bh4 $14) 9... Qxb2 10. c4
e6 $2 {After that move black is not able to hold the pawn,and white will get a
clear advantage.} (10... Qa3 $142 $1 11. cxd5 cxd5 12. Nc3 (12. Rc1 Nc6 13. Nf4
e6 14. Bb5 O-O 15. Bxc6 bxc6 16. Rxc6 Qxa2 17. Nxe6 Bxe6 18. Rxe6 a5 $132)
12... e6 (12... Qa5 $5 13. Qb3 e6) 13. Nb5 Qa5 14. Bg3 Na6 15. Nd6+ Nxd6 16.
Bxd6 $44 {In this complicated position white has a full compensation for a
pawn.}) 11. Qa4 $1 {[%csl Rb2][%cal Gf1b1]} Qb6 $8 12. Rab1 Qc7 (12... Qa6 13.
Qxa6 Nxa6 14. cxd5 cxd5 (14... exd5 15. Bxa6 bxa6 16. Rfc1 Bd7 17. Nf4 $16 {
[%csl Rc5,Re5][%cal Gf4d3,Gd3c5,Gd3e5,Gb1b7]}) 15. Bb5+ Kf8 16. Rfc1 Nd6 17.
Bxa6 bxa6 18. Nf4 $16 {[%csl Re6][%cal Gc1c6,Gc6c7]}) 13. Bg3 Qe7 14. Bxb8 Rxb8
15. Qxa7 Qd6 16. Rfc1 {Black has no time for a castle!} ({possible was also:} 
16. c5 Qc7 17. Rb6 {[%cal Gb6c6]} Nd8 18. a4 O-O 19. a5 $16) 16... Nd8 (16...
O-O 17. cxd5 exd5 18. Rxc6 $18) (16... dxc4 17. Rxc4 $16) 17. cxd5 exd5 18. Nf4
Bd7 (18... O-O 19. Nxd5 $1 cxd5 20. Rb6 Nc6 21. Rcxc6 $18) 19. a4 {The most
simple plan.Black is very passive and cannot create any counterplay,so white
can just improve his position.} O-O 20. a5 {[%cal Ga5a6]} Rc8 {An additional
innacuracy.} (20... Rf7 21. Rc2 (21. a6 $2 b5 $1 {[%cal Gd7e8]}) 21... Be8 22.
Rb6 $16) 21. g3 Rc7 22. Qb6 Ne6 (22... Be8 $2 23. Nxd5 $1 $18) 23. Bf1 {
[%cal Gf4d3] White is not in a hurry!He is planning to put his knight on d3.}
Nxf4 {After that white's knight gets a strong outpost on e5.} (23... Ra8 24.
Nxe6 Bxe6 25. Nd2 $16 {[%cal Gd2b3,Gb3c5]}) 24. exf4 Bc8 25. Bg2 Qd8 $6 {
Black's position is very hard,but that passive move wasn't necessary.} (25...
Be6 $142 26. Ne5 Ra8 $16) 26. h4 Rf6 27. Ne5 {All white's pieces are in the
ideal places!} Rd6 28. a6 $1 $18 {The final blow.Black cannot avoid loss of
material.} bxa6 (28... c5 29. Bxd5+ $1 Rxd5 (29... Kf8 30. Qxc7 Qxc7 31. axb7
$18) 30. a7 $18) 29. Nxc6 Bd7 (29... Kf8 30. Nxd8 Rxb6 31. Rxc7 Rxb1+ 32. Kh2
Rb8 33. Nc6 Ra8 34. Bxd5 $18) 30. Ne7+ $1 Qxe7 31. Qxc7 Qf6 32. Rc5 Bb5 33.
Rxd5 {[%mdl 2048]} 1-0

[Event "RUS-chT 12th"]
[Site "Sochi"]
[Date "2005.04.24"]
[Round "6"]
[White "Kharlov, Andrei"]
[Black "Petukhov, Valery"]
[Result "1-0"]
[WhiteElo "2628"]
[BlackElo "2471"]
[Annotator "Roiz,M"]
[PlyCount "89"]
[EventDate "2005.04.19"]
[EventType "team-tourn"]
[EventRounds "11"]
[EventCountry "RUS"]
[SourceTitle "EXT 2020"]
[Source "ChessBase"]
[SourceDate "2019.10.17"]
[SourceVersion "1"]
[SourceVersionDate "2019.10.17"]
[SourceQuality "1"]
[WhiteTeam "Kazan Ladya"]
[BlackTeam "Vladivostok Debiut-DVGU"]
[WhiteTeamCountry "RUS"]
[BlackTeamCountry "RUS"]

{[%mdl 32]} 1. d4 f5 2. Bg5 Nf6 3. Bxf6 exf6 4. e3 d5 5. Bd3 {White intends to
put pressure on black's Pf5 by Qd1-f3,Ng1-e2-f4 in order to provoke g7-g6.
Later he may exploit that weakening move by h2-h4-h5 or h2-h3, followed by
g2-g4.} ({Another theoretical continuation here is:} 5. c4) 5... Bd6 (5... Be6
6. Nd2 Nc6 7. c3 Qd7 8. Ne2 Bd6 9. Qc2 Ne7 10. O-O-O O-O-O 11. Kb1 Kb8 12. Nb3
b6 13. g3 c6 14. h4 Bc7 15. Rc1 g6 $11 {1/2-1/2 Kuzmin,A-Korzubov,P/Moscow
1991/URS-ch (35)}) 6. Qf3 g6 7. Ne2 Be6 8. Nbc3 {This natural move has some
drawback: now white cannot attack black's key Pd5 by c2-c4. However, White is
planning a queen-side castle,followed by h2-h3 and g3-g4. This type of
position can also arise by another common order of moves: 1.d4 f5 2.Nc3 d5 3.
Bg5 Nf6 4.Bf6 ef6 5.e3} Nc6 $6 $146 {This seems to be dubious, as now black
couldn't protect the Pd5 by c7-c6.} ({The most natural continuation here is:} 
8... c6 $142 {which leads to a known theoretical position.}) 9. Nf4 {A logical
move that forces black to exchange his dark-squared bishop.} (9. Nb5 Bb4+ 10.
c3 Ba5 $14 (10... Be7 $2 11. Nf4 Bf7 12. Nxd5 $1 $18)) 9... Bxf4 10. Qxf4 Qd6
$6 {That creates an additional weaknesses in black's camp and leads to a very
hard endgame.} ({I would prefer:} 10... Qd7 11. O-O-O O-O-O $14 {although
white's advantage here is also obvious,since black has no compensation for the
inferior pawn structure.}) 11. Qxd6 cxd6 12. Kd2 $16 {[%csl Rd5,Rd6,Re6] Black
has no counterplay at all,while white may play on either side of the board.}
Ne7 13. a4 $1 {Seizing more space on the queen-side.} a6 {It's better to
deviate from placing the pawns at the light squares. At the same time,black
shouldn't lose control of b5 square.} ({An attempt to prevent white from
advancing his Pa4 by} 13... a5 {could be strongly met by:} 14. Ra3 {[%cal
Ga3b3]} Nc6 15. Ne2 $16 {[%cal Ga3b3]}) ({Hardly better was also:} 13... Kd7
14. a5 Rhc8 15. a6 b6 16. Nb5 $16 {[%csl Ra7,Gb5]}) 14. a5 Bd7 {Black wants to
put his bishop on c6,leaving the square e6 for his monarch. I can hardly
recommend something better,since his Ne7 has no perspectives at all.} 15. Be2 {
Delivering the bishop to f3,where it will put a strong pressure on Pd5.} (15.
Na4 $5 {[%cal Ga4b6] also deserved attention:} Bxa4 16. Rxa4 $16) 15... Bc6 16.
Bf3 Kd7 17. b3 {White is not in a hurry-black has no counterplay at all. That
move is useful,as an idea of c2-c4 is also actual here.} ({The immediate} 17.
Na2 $5) ({or} 17. h3 {were also strong}) 17... Rac8 18. Na2 {Freeing the way
for the Pc2 and putting more pressure on black's position.} ({Another natural
possibility was:} 18. h4 h5 19. Ne2 $16 {[%cal Ge2f4] fixing the great spot
for the knight.}) 18... Rc7 19. Nb4 Rhc8 {Of course, doubling the rooks is
pointless in this position, but Black can only wait anyway.} ({I can only add,
that} 19... Rcc8 {was probably preferable: Black should keep his rooks closer
to the king-side.}) 20. h3 {Well played! According to Nimzowitsch, White is
trying to create a second weakness on the opposite side !} Ke6 21. g4 Rh8 22.
Rag1 ({After} 22. gxf5+ Nxf5 23. Bg4 h5 $16 {Black still holds on.}) 22... fxg4
{This exchange is practically forced, as Black cannot keep the pressure for a
long time.} 23. hxg4 ({An alternative plan would be:} 23. Bxg4+ $5 f5 24. Bf3
$16 {[%cal Gh3h4,Gh4h5] intending to create a weak Pg6 by h3-h4-h5. It's hard
to say which plan is more dangerous for black.}) 23... g5 {[%cal Gc6e8,Ge8g6]
That move is connected with an idea of delivering the bishop to g6.} ({There
was also another defensive plan:} 23... h6 $5 24. Rh3 Kf7 25. Rgh1 Kg7 $16 {
and black is still in the game.}) 24. Rh6 {Allowing black to realize his idea.}
({In my opinion,stronger was:} 24. Re1 $5 {[%cal Ge3e4]} Be8 $140 $2 25. e4
dxe4 26. Bxe4 $18 {[%csl Re6,Rh7][%cal Ge1e6]}) 24... Be8 $1 25. Bh1 ({I also
failed to find a winning continuation for White after:} 25. e4 dxe4 26. Bxe4
Bg6 27. Bxg6 Nxg6 28. Re1+ Kf7 29. Nd5 Rcc8 $16 {and Black keeps the material
balance at least.}) 25... Bg6 26. f4 Be4 $2 {Finally, Black makes the last
mistake and allows White to win the pawn.} ({At the same time, after} 26... Kf7
$142 $1 27. c3 (27. f5 $6 Kg7 28. Rh2 Bf7 $14) 27... Kg7 28. Rh3 Be4 29. Bxe4
dxe4 $16 {white has to play directly in order to convert his advantage to a
full point.}) 27. fxg5 Ng8 28. Bxe4 ({Possible was also:} 28. Rh5 fxg5 29. Bxe4
dxe4 30. Rxg5 $18) 28... dxe4 29. d5+ Kf7 (29... Ke5 30. Rf1 Nxh6 31. gxh6 $18
{[%cal Gf1f5]}) (29... Kd7 30. Rh5 $18) 30. g6+ {Simplifying the position.} Kg7
31. Rxh7+ Rxh7 32. gxh7 Kxh7 33. c4 $1 $18 {[%cal Gb4c2,Gc2d4] The knight has
done its work, so White will bring it to d4. The majority of the queen-side
pawns should decide the game very soon.} Kg6 (33... Rg7 34. Nc2 Nh6 35. Nd4 Rg5
(35... Rxg4 36. Rxg4 Nxg4 37. Nf5 $18) (35... Nxg4 36. Nf5 $18) 36. Ne6 Rxg4
37. Rxg4 Nxg4 38. Nd8 $18) 34. Nc2 Nh6 35. Kc3 Nf7 ({Black has no time for
winning the Pg4:} 35... Rg7 36. Nd4 Kf7 37. Rh1 Rg6 (37... Nxg4 38. Nf5 $18 {
[%csl Rd6,Rg7][%cal Gf5d6,Gf5g7]}) 38. Nf5 Nxf5 39. gxf5 $18) 36. Nd4 Ne5 37.
g5 $1 {The most effective way - White is exchanging his only weak pawn and
freeing the rook.} f5 (37... fxg5 38. Ne6 Re7 (38... Nf3 39. Rxg5+ Nxg5 40.
Nxc7 Kf5 41. Ne6 {[%cal Ge6d8]} Nxe6 42. dxe6 Kxe6 43. Kd4 $18) 39. Rxg5+ Kf6
40. Rg8 $18 {was also hopeless.}) 38. Rh1 {A decisive penetration of White's
rook is unavoidable.} ({Good enough was also:} 38. Ne6 Rc8 39. Nf4+ Kg7 40. g6
Ng4 41. Kd4 Rh8 42. b4 Rh2 43. c5 $18) 38... Ng4 39. Ne6 Rc8 ({or} 39... Re7
40. Rh8 Nxe3 41. Rh6+ Kf7 42. Rh7+ Ke8 43. g6 $18) 40. Rh3 {Now Black has
nothing to do against the advance of White's queen-side pawns. The rest is
clear.} Rb8 41. b4 b6 (41... Rc8 42. c5 dxc5 43. bxc5 $18) 42. axb6 Rxb6 43.
Rh8 Ne5 (43... Nxe3 44. Rh6+ Kf7 45. g6+ $18 {[%cal Gg6g7]}) 44. Rh6+ Kf7 45.
Rf6+ (45. Rf6+ Ke7 46. Nd4 $18) 1-0